000 01662 a2200481 4500
003 Nust
005 20170207154046.0
010 _a2007037625
020 _a0-203-94620-0 (pbk.) :
020 _a0-415-77396-2 (hbk.) :
020 _a978-0-203-94620-6 (pbk.) :
020 _a978-0-415-77396-6 (hbk.) :
035 _a(Uk)014477922
035 _aDAW10493831
040 _cNust
082 0 0 _a327.73055
100 1 _aFayazmanesh, Sasan,
245 1 4 _aThe United States and Iran (E-BOOK)
_bsanctions, wars, and the policy of dual containment /
_cSasan Fayazmanesh
260 _aLondon :
_bRoutledge,
_c2008
300 _avii, 264 p. ;
_c24 cm.
490 1 _aRoutledge studies in Middle Eastern politics ;
_v7
610 2 0 _aUnited Nations
_xSanctions
650 7 _aFN
650 7 _aForeign policy
650 7 _aIran
650 7 _aUN
650 7 _aUSA
650 7 _aUtrikespolitik
650 7 _aUtrikespolitik
_zF?ta staterna
651 7 _aF?ta staterna
_xdiplomatiska f?ndelser
_zIran
651 7 _aIran
_xdiplomatiska f?ndelser
_zF?ta staterna
651 7 _aIran
_xForeign relations
_zIsrael
651 7 _aIran
_xForeign relations
_zUnited States
651 7 _aIran
_xrelationer
_zF?ta staterna
651 7 _aIraq
_xForeign relations
_zUnited States
651 7 _aIsrael
_xForeign relations
_zIran
651 7 _aIsrael
_xForeign relations
_zUnited States
651 7 _aThe United States and Iran (E-BOOK)
_xrelationer
_zIran
651 7 _aUnited States
_xForeign relations
_zIran
651 7 _aUnited States
_xForeign relations
_zIraq
651 7 _aUnited States
_xForeign relations
_zIsrael
830 0 _aRoutledge studies in Middle Eastern politics ;
942 _2ddc
_cBK
999 _c192883
_d192883